Relatos del río (Registro nro. 17317)

Detalles MARC
000 - LÍDER
campo de control de longitud fija 02098nam a2200385 a 4500
003 - IDENTIFICADOR DE NÚMERO DE CONTROL
campo de control CO-PeBPR
005 - FECHA Y HORA DE LA ÚLTIMA TRANSACCIÓN
campo de control 20260410151743.0
007 - DESCRIPCIÓN FÍSICA CAMPO FIJO - INFORMACIÓN GENERAL
campo de control de longitud fija ta
008 - ELEMENTOS DE DATOS DE LONGITUD FIJA - INFORMACIÓN GENERAL
campo de control de longitud fija 231129s2023 ck a |br|||| 00| 0 spa d
020 ## - INTERNATIONAL STANDARD BOOK NUMBER
International Standard Book Number 9789585690295
040 0# - FUENTE DE CATALOGACIÓN
Agencia de catalogación original CO-PeBPR
Lenguaje de catalogación spa
Descripción convenciones rda
Agencia de transcripción CO-PeBPR
041 0# - CÓDIGO DE LENGUAJE
Código de idioma del original spa
043 ## - CÓDIGO DE ÁREA GEOGRÁFICA
Código de área geográfica s-mx---
084 ## - OTRO NÚMERO DE CLASIFICACIÓN
Número de clasificación C REL5
245 00 - TÍTULO DECLARACIÓN
Título Relatos del río
Resto del título : historias en comunidad alrededor del agua y la vida
Declaración de responsabilidad / Alfredo Flores [y otros diecisiete] ilustrado por Aura Gaitán [y otros ocho]
250 ## - DECLARACIÓN DE EDICIÓN
Sentencia de edición Edición especial
264 #1 - AVISO DE PRODUCCIÓN, PUBLICACIÓN, DISTRIBUCIÓN, FABRICACIÓN Y DERECHOS DE AUTOR
Lugar de producción Bogotá, Colombia
Nombre del productor : Editorial Tagigo
Fecha de producción , 2023
300 ## - DESCRIPCIÓN FÍSICA
Alcance 47 páginas
Otros datos físicos : ilustraciones a color
Dimensiones ; 23 centímetros
336 ## - TIPO DE CONTENIDO
Tipo de contenido texto
Código de tipo de contenido txt
Fuente rdacontent
337 ## - TIPO DE MEDIO
Término del tipo de medio sin mediación
Código de tipo de medio n
Fuente rdamedia
338 ## - TIPO DE PORTADOR
Término del tipo de operador volumen
Código de tipo de operador nc
Fuente rdacarrier
520 ## - RESUMEN
Resumen Compilación de narraciones propias de comunidades y autores que nos comparten saberes y filosofías de las culturas Murui-Muina, Bora, Inga, Cofán y Afrovalluna del territorio colombiano, así como un relato de la cultura Cucapáh del norte de México. Todos estos mensajes conviven alrededor de la experiencia, la sabiduría y la cultura que crece y florece a orilla de los ríos, un territorio que define a las comunidades que lo habitan. Esperamos que esta colección de mensajes enviados al Colibrí resuene en el lector, para que juntos podamos recordar e imaginar otros mundos posibles.
521 ## - NOTA DE AUDIENCIA OBJETIVO
Nota para el público objetivo Recomendado para un público infantil a partir de los 6 años
650 14 - ENTRADA DE SUJETO AÑADIDO - TÉRMINO TÓPICO
Fuente del título o término LEMB
Término tópico o elemento de entrada del nombre geográfico Cuentos infantiles mexicanos
Subdivisión cronológica Siglo XXI
9 (RLIN) 252389
650 14 - ENTRADA DE SUJETO AÑADIDO - TÉRMINO TÓPICO
Fuente del título o término LEMB
Término tópico o elemento de entrada del nombre geográfico Literatura infantil mexicana
Subdivisión cronológica Siglo XXI
9 (RLIN) 279469
650 14 - ENTRADA DE SUJETO AÑADIDO - TÉRMINO TÓPICO
Fuente del título o término LEMB
Término tópico o elemento de entrada del nombre geográfico Indígenas de México
Subdivisión general Vida social y costumbres
9 (RLIN) 119613
650 14 - ENTRADA DE SUJETO AÑADIDO - TÉRMINO TÓPICO
Fuente del título o término LEMB
Término tópico o elemento de entrada del nombre geográfico Libros ilustrados para niños
9 (RLIN) 16
700 1# - ENTRADA AGREGADA - NOMBRE PERSONAL
Nombre de la persona Fiagama, Leocadia
Término del Relator autora
9 (RLIN) 279470
700 1# - ENTRADA AGREGADA - NOMBRE PERSONAL
Nombre de la persona Sánchez, Erlindo
Término del Relator autor
9 (RLIN) 279471
700 1# - ENTRADA AGREGADA - NOMBRE PERSONAL
Nombre de la persona Pacheco, Camila
Término del Relator autora
9 (RLIN) 279472
700 1# - ENTRADA AGREGADA - NOMBRE PERSONAL
Nombre de la persona Alarcón, Alejandra
Término del Relator ilustradora
9 (RLIN) 279473
700 1# - ENTRADA AGREGADA - NOMBRE PERSONAL
Nombre de la persona Campos, Ocarina
Término del Relator ilustradora
9 (RLIN) 279474
700 1# - ENTRADA AGREGADA - NOMBRE PERSONAL
Nombre de la persona Sarmiento, Sara
Término del Relator ilustradora
9 (RLIN) 279475
942 ## - ELEMENTOS DE ENTRADA AGREGADOS (KOHA)
Fuente de clasificación o esquema de estanterías Local
Tipo de artículo Koha Literatura Infantil
Existencias
Estado de retirada Pérdida de estatus Fuente de clasificación o esquema de estanterías Estado dañado No para préstamo Código de recogida Ubicación permanente Ubicación actual Ubicación de las estanterías Fecha de adquisición Fuente de adquisición Total de Cajas Número Topográfico Código de barras Precio efectivo desde Número de copia Fecha de la última vez que se vio Tipo de artículo Koha
    Dewey Decimal Classification     Infantil Biblioteca Pública Departamental Comfamiliar Risaralda Biblioteca Pública Departamental Comfamiliar Risaralda Área Infantil 10/04/2026 Dotación MinCultura y BNC   (i) 808 R382r RIBPD15319 10/04/2026 Ej.1 10/04/2026 Literatura Infantil
    Dewey Decimal Classification     Infantil Biblioteca Pública Municipal Isaías Naranjo Ríos Biblioteca Pública Municipal Isaías Naranjo Ríos Área Infantil 03/02/2025 Dotación MinCultura y BNC   C REL5 API01 - 4155 06/02/2025 Ej.1 06/02/2025 Literatura Infantil
    Dewey Decimal Classification     Infantil Biblioteca Pública Municipal Juan XXIII Biblioteca Pública Municipal Juan XXIII Área Infantil 19/02/2025 Dotación MinCultura y BNC   C REL5 BAL02-4460 19/02/2025 Ej.1 19/02/2025 Literatura Infantil